| 000 | 00676nam a2200205 i 4500 | ||
|---|---|---|---|
| 001 | bgj | ||
| 245 | 1 | 0 |
_aVon der Freien Bühne zum Politischer Theater : _bDrama und Theater im Spiegel der Kritik ; 1889-1918. _chrsg. von Hugo Fetting. _nBd. 1 / |
| 260 |
_aLeipzig : _bVerlag Philipp Reclam jun., _c1987. |
||
| 300 |
_a677, [1] s. ; _c18 cm. |
||
| 490 | 1 |
_aReclams Universal Bibliothek _pKunstwissenschaften _vBd. 1140 |
|
| 650 | 9 |
_aSztuka _xteatr |
|
| 700 | 1 | _aFETTING, Hugo. | |
| 830 |
_aReclams Universal Bibliothek _pKunstwissenschaften |
||
| 040 | _cBPK | ||
| 041 | 0 | _ager | |
| 044 | _aDEU | ||
| 080 | _a7 | ||
| 942 | _cKS | ||
| 008 | s gw f |000 0 ger | ||
| 999 |
_c49900 _d49900 |
||
| 856 |
_uhttp://koha.tu.koszalin.pl/cgi-bin/koha/opac-detail.pl?biblionumber=49900 _yKatalog online BPK |
||